00508nam a2200181Ia 450000500170000000800410001702000180005808200130007610000130008924500260010226000420012830000130017065000150018365000120019894200060021095200950021699900150031120240827041534.0240331s9999 xx 000 0 und d a9788172239312 bKANa800 aKantha,S 2aA break in the circle aIndiabHarperCollins Publishersc2010 a195 p ., amysterious aStories cL 001040708LaWERCLbWERCLcSSCd2024-03-31l0o 800 KANp6598r2024-03-31w2024-03-31yL c4988d4988